00463nam a2200157Ia 450000500170000000800410001708200130005810000140007124500230008526000280010830000170013650000320015394200060018595200990019199900150029020250324133507.0240331s9999 xx 000 0 und d bKAAa894 aKaaveri,L 0aVenmai porthiyathu aBangalorebKaavyac1991 aii, 189 p ., aCollection of Short Stories cL 001040708LaWERCLbWERCLcSSCd2024-03-31l0o 894.811 KAAp1637r2024-03-31w2024-03-31yL c3999d3999